|
|
|
|
| LEADER |
00000naa a2200000uu 4500 |
| 001 |
vtls010961410 |
| 003 |
SK-MaSNL |
| 005 |
20260302121056.0 |
| 008 |
210910|2000 xo |||||||||||||||||slo| |
| 015 |
|
|
|a SNBRA
|
| 035 |
|
|
|a (urnnbn)urn:nbn:sk:snk:ar-a0bs3l
|
| 035 |
|
|
|a (uuid)737db257-3ebd-42a1-97f3-19ee044a609a
|
| 035 |
|
|
|a urn:nbn:sk:snk-aaujra
|
| 040 |
|
|
|a SNKBUCL
|b slo
|c SNKBUCL
|e AACR2
|
| 041 |
0 |
|
|a slo
|
| 044 |
|
|
|a xo
|c SK
|
| 100 |
1 |
|
|a Sokol, Štefan,
|d 1948-
|4 aut
|9 213819
|
| 245 |
1 |
0 |
|a Niektoré aspekty nových výchovných metód v geodézii
|c Štefan Sokol
|
| 773 |
0 |
|
|t Aktuálne otázky meračstva a inžinierskej geodézie
|d Košice : [Technická univerzita], 2000
|g S. 134-137
|z 8070995955
|
| 958 |
|
|
|a OND
|
| 958 |
|
|
|a article11
|
| 958 |
|
|
|a chapter
|
| 999 |
|
|
|c 1272421
|d 1274351
|